000 00337nam a22001217a 4500
999 _c5086
_d235590
080 _a342.4C 627
245 _aConstitución de la Nación Argentina
260 _aBuenos Aires:
_bLa Ley
490 _aSuplementos La ley
650 _xconstitucion
_xhistoria consitucional
_xtratados internacionales
942 _6_
945 _acd
_d2019-09-30